Die 20 glücklichsten Länder der Welt im Jahr 2017 - Statistiken

Allgemein
  • Dieses Quiz wurde 284 mal gespielt
  • Das Durchschnittsergebnis liegt bei 15 aus 20
Antwortstatistiken
Position Land % Korrekt
16 Deutschland
97%
1 Norwegen
96%
10 Schweden
95%
5 Finnland
92%
7 Kanada
92%
14 USA
90%
2 Dänemark
89%
4 Schweiz
89%
13 Österreich
88%
6 Niederlande
84%
3 Island
82%
17 Belgien
81%
9 Australien
79%
15 Irland
72%
18 Luxemburg
72%
8 Neuseeland
72%
19 Großbritannien
41%
20 Chile
25%
11 Israel
20%
12 Costa Rica
19%
Keine übereinstimmenden Quizze gefunden
Verteilung der Resultate
Anzahl Personen mit jedem Resultat
Perzentil nach korrekt beantworteten Fragen
Ihre Resultats-Entwicklung
Sie haben dieses Quiz noch nicht gespielt